Movie Titles Translations - Statistics

General Stats
  • This quiz has been taken 39 times
  • The average score is 8 of 18
Answer Stats
Hint Answer % Correct
Shark (1975) Jaws
97%
The Boy Who Drowned in Chocolate Sauce (1971) Willy Wonka & The Chocolate Factory
94%
Tighten your seatbelts, the pilot is gone (1980) Airplane!
75%
Eleven Men and a Secret (2001) Ocean’s Eleven
72%
Hard to Kill (1988) Die Hard
67%
Love is a Strange Place // Lost in Tokyo (2003) Lost in Translation
67%
Rain of Falafel // It’s Raining Hamburgers (2009) Cloudy with a Chance of Meatballs
64%
The Powerful Big Boss (1972) The Godfather
64%
Very Bad Trip // If Drinking, Don’t Get Married! (2009) The Hangover
56%
Amnesia (2000) Memento
36%
A Stranger in the Nest // Trapped without an Exit (1975) One Flew Over the Cuckoo’s Nest
33%
Slightly Pregnant (2007) Knocked Up
28%
The Eight Passenger is Death (1979) Alien
22%
They Forgot Me // My poor little angel (1980) Home Alone
22%
If you leave me, I delete you (2004) Eternal Sunshine of a Spotless Mind
19%
Everybody Almost Dead // Zombie Party - A Night of... Death (2004) Shaun of the Dead
17%
At an Escape Rhythm (2017) Baby Driver
8%
Dreaming, dreaming... I triumphed skating (2005) Ice Princess
6%
No matching quizzes found
Score Distribution
Percent of People with Each Score
Percentile by Number Answered
Your Score History
You have not taken this quiz